LEADER 03154nam 2200661Ia 450 001 9910453829903321 005 20220205000136.0 010 $a1-282-49347-7 010 $a9786612493478 010 $a0-7391-3059-5 035 $a(CKB)1000000000542804 035 $a(EBL)466674 035 $a(OCoLC)275102832 035 $a(SSID)ssj0000202131 035 $a(PQKBManifestationID)12024208 035 $a(PQKBTitleCode)TC0000202131 035 $a(PQKBWorkID)10254411 035 $a(PQKB)10096668 035 $a(MiAaPQ)EBC466674 035 $a(Au-PeEL)EBL466674 035 $a(CaPaEBR)ebr10353385 035 $a(CaONFJC)MIL249347 035 $a(EXLCZ)991000000000542804 100 $a20080603d2008 uy 0 101 0 $aeng 135 $aur|n|---||||| 181 $ctxt 182 $cc 183 $acr 200 00$aMexico-U.S. migration management$b[electronic resource] $ea binational approach /$fedited by Agusti?n Escobar Latapi? and Susan F. Martin 210 $aLanham, MD $cLexington Books$dc2008 215 $a1 online resource (306 p.) 225 1 $aProgram in Migration and Refugee Studies 300 $aDescription based upon print version of record. 311 $a0-7391-2577-X 311 $a0-7391-2576-1 320 $aIncludes bibliographical references. 327 $aTable of Contents; Acknowledgments; Introduction; Chapter 01. The Demography of Mexico-U.S. Migration; Chapter 02. The Mexican Economy and Mexico-U.S. Migration: A Macro Perspective; Chapter 03. Managing Mexico-U.S. Migration: Economic and Labor Issues:; Chapter 04. Determinants of the Migration Decision in Mexico; Chapter 05. Politics of U.S. Immigration Reform; Chapter 06. Immigration Reform in the United States; Chapter 07. Mexican Policy and Mexico-U.S. Migration; Chapter 08. Lessons from the Mexican Seasonal Agricultural Worker Program in Canada: An Opportunity at Risk; Conclusion 327 $aBibliographyIndex; About the Contributors 330 $aWithin this collection, American and Mexican policy-oriented migration experts provide an up-to-date, binational analysis of Mexico-U.S. migration. They recommend specific forms of bilateral collaboration to regulate the flow, improve conditions for the migrants, and make sure that migration has positive social and economic impacts on both countries. 410 0$aProgram in Migration and Refugee Studies 606 $aForeign workers, Mexican$zUnited States 607 $aUnited States$xEmigration and immigration$xGovernment policy 607 $aUnited States$xEmigration and immigration$xEconomic aspects 607 $aMexico$xEmigration and immigration$xEconomic aspects 607 $aMexico$xEmigration and immigration$xGovernment policy 608 $aElectronic books. 615 0$aForeign workers, Mexican 676 $a325/.2720973 701 $aEscobar Latapi?$b Agusti?n$0867440 701 $aMartin$b Susan F$g(Susan Forbes)$0171407 801 0$bMiAaPQ 801 1$bMiAaPQ 801 2$bMiAaPQ 906 $aBOOK 912 $a9910453829903321 996 $aMexico-U.S. migration management$92586769 997 $aUNINA LEADER 03592nam 22007333u 450 001 9910830301603321 005 20230120051930.0 010 $a1-282-11605-3 010 $a9786612116056 010 $a1-4443-0616-2 010 $a1-4443-0617-0 035 $a(CKB)1000000000719856 035 $a(EBL)428172 035 $a(OCoLC)651657413 035 $a(SSID)ssj0000356446 035 $a(PQKBManifestationID)11269732 035 $a(PQKBTitleCode)TC0000356446 035 $a(PQKBWorkID)10349435 035 $a(PQKB)10474298 035 $a(MiAaPQ)EBC428172 035 $a(MiAaPQ)EBC7076101 035 $a(PPN)191058742 035 $a(EXLCZ)991000000000719856 100 $a20131014d2009|||| u|| | 101 0 $aeng 135 $aur|n|---||||| 181 $ctxt 182 $cc 183 $acr 200 10$aAIDS, Sex, and Culture$b[electronic resource] $eGlobal Politics and Survival in Southern Africa 210 $aHoboken $cWiley$d2009 215 $a1 online resource (301 p.) 300 $aDescription based upon print version of record. 311 $a1-4051-5586-8 327 $aContents; List of Figures; Preface - Southern Africa: A Personal Geography, History, and Politics; Acknowledgments; Introduction: Global, Inequality, Women, and HIV/AIDS; 1: The Culture of Science and the Feminization of HIV/AIDS; 2: Imperial Moralities and Grassroots Realities; 3: The Transition to a New South Africa: Hope, Science, and Democracy; 4: Of Nevirapine and African Potatoes: Shifts in Public Discourse; 5: The Difference in Pain: Infected and Affected; 6: Contested Sexualities; 7: Public Spaces of Women's Autonomy: Health Activism; 8: "Where Are Our Condoms?" - Namibia 327 $a9: Ju/'hoansi Women in the Age of HIV: An Exceptional Case10: Changing Times, Changing Strategies: Women Leaders Among the Ju; 11: "The Power of Practical Thinking" - The Role of Organic Intellectuals; 12: Conclusions: Neoliberalism, Gender, and Resistance; Notes; Bibliography; Index 330 $aAIDS, Sex, and Culture is a revealing examination of the impact the AIDS epidemic in Africa has had on women, based on the author's own extensive ethnographic research.based on the author's own story growing up in South Africa looks at the impact of social conservatism in the US on AIDS prevention programs discussion of the experiences of women in areas ranging from Durban in KwaZulu Natal to rural settlements in Namibia and Botswana includes a chapter written by Sibongile Mkhize at the University of KwaZulu Natal who tells the story of her own fa 606 $aAIDS (Disease)$xSocial aspects$zAfrica, Southern 606 $aAcquired Immunodeficiency Syndrome$xprevention & control 606 $aWomen's Health 606 $aPreventive Health Services 606 $aGender Identify 606 $aSocioeconomic Factors 606 $aSexual Behavior 607 $aAfrica South of the Sahara 615 0$aAIDS (Disease)$xSocial aspects 615 12$aAcquired Immunodeficiency Syndrome$xprevention & control. 615 22$aWomen's Health. 615 22$aPreventive Health Services. 615 22$aGender Identify. 615 22$aSocioeconomic Factors. 615 22$aSexual Behavior. 676 $a326.196979200820968 676 $a362.196/979200968 676 $a362.196979200820968 676 $a362.196979200968 700 $aSusser$b Ida$01676243 801 0$bAU-PeEL 801 1$bAU-PeEL 801 2$bAU-PeEL 906 $aBOOK 912 $a9910830301603321 996 $aAIDS, Sex, and Culture$94074562 997 $aUNINA